| 000 | 00391nam a2200157 a 4500 | ||
|---|---|---|---|
| 001 | 2765 | ||
| 005 | 20140414131903.0 | ||
| 008 | 050928s19uu xx 00 eng d | ||
| 020 | _a0-689-82679-6 | ||
| 050 |
_aFIC _bK79 1982 |
||
| 100 | _aE.L. Konigsburg | ||
| 245 | _aJourney to an 800 number. | ||
| 260 |
_bAladdin Paperbacks, _c1982. |
||
| 300 | _a138 p. : ill. ; cm. | ||
| 999 |
_c110754 _d110754 |
||